000 00556nam a22001817a 4500
003 UA-OsUOA
001 16456
007 ta
008 20040112b un ||||| |||| 00| 0 ukr d
100 _aБондарчук Я.
942 _cSA
040 _aUA-OsUOA
_cUA-OsUOA
_dUA-OsUOA
245 _aПреподобний князь Федір Данилович Острозький
300 _aС.46-47
955 _a0
773 0 _w0
_tВолання з Волині
_dОстріг
_d2003
_g№6/Листоп.-Груд./
650 7 _aВидатні діячі
_2UDC
999 _c302621
_d302621